| 000 | 00813nam a22001695i 4500 | ||
|---|---|---|---|
| 001 | 160304 | ||
| 003 | ES-MaACL | ||
| 005 | 20230906212008.0 | ||
| 008 | 020417s1871 sp |||| | spa d | ||
| 040 |
_aCAM _bspa _cCAM |
||
| 100 | 1 |
_aMozo de Rosales, Emilio. _9130267 |
|
| 245 | 1 | 0 |
_aAnton Perulero _b: juguete cómico en un acto, escrito en verso sobre un pensamiento de Manuel Delgado / _cpor Emilio Mozo de Rosales. |
| 260 |
_aMadrid : _b[s.n.], _c1871 ( _fImprenta de José Rodríguez) |
||
| 300 |
_a27 p. ; _c19 cm. |
||
| 500 | _aEn port.: Representado por primera vez en el Teatro del Recreo el dia de enero de 1871. | ||
| 852 |
_aES-MaACL _jF-8566(11) _z-- Enc. pasta española _q-- Falto de la cub. original _z.- Enc. en vol. facticio formando parte de la col. facticia "Teatro español moderno", vol. 19 |
||
| 999 |
_c160304 _d160304 |
||